banner koha

Greenhouse gas emission, water quality and straw decomposition as a function of rice postharvest field management (Registro n. 331287)

MARC details
000 -LÍDER
fixed length control field 03008nab a2200373 i 4500
003 - CÓDIGO MARC DA AGÊNCIA CATALOGADORA
Campo de controle BR-BrBNA
005 - DATA E HORA DA ÚLTIMA ATUALIZAÇÃO
Campo de controle 20250430142814.0
008 - CAMPO DE TAMANHO FIXO
fixed length control field 250430b2020 bl.mr|pooa||| 00| 0 eng |
040 ## - FONTE DA CATALOGAÇÃO
Agência catalogadora BR-BrBNA
Idioma da catalogação eng
072 ## - CATEGORIA AGRIS
Código AGRIS P33
Código do objeto 0150
072 ## - CATEGORIA AGRIS
Código AGRIS P11
100 ## - ENTRADA PRINCIPAL - NOME PESSOAL
Nome pessoal Soares, Camille Flores
100 ## - ENTRADA PRINCIPAL - NOME PESSOAL
Nome pessoal Marchesan, Enio
100 ## - ENTRADA PRINCIPAL - NOME PESSOAL
Nome pessoal Prochnow, Matias Henrique
100 ## - ENTRADA PRINCIPAL - NOME PESSOAL
Nome pessoal Fleck, Alisson Guilherme
100 ## - ENTRADA PRINCIPAL - NOME PESSOAL
Nome pessoal Oliveira, Daivyd Silva de
100 ## - ENTRADA PRINCIPAL - NOME PESSOAL
Nome pessoal Riste, Uashington da Silva Riste
100 ## - ENTRADA PRINCIPAL - NOME PESSOAL
Nome pessoal Minella, Jean Paolo Gomes
100 ## - ENTRADA PRINCIPAL - NOME PESSOAL
Nome pessoal Lúcio, Alessandro Dal’Col
245 ## - TÍTULO PRINCIPAL
Título principal Greenhouse gas emission, water quality and straw decomposition as a function of rice postharvest field management
500 ## - NOTA GERAL
Nota geral Publicação on-line; 30 ref.; 7 tables; Sumaries (En)
942 ## - ADDED ENTRY ELEMENTS (KOHA)
Koha item type Analítica
520 ## - NOTA DE RESUMO
Nota de conteúdo <br/><br/>ABSTRACT: The objective of this paper was to evaluate the quality of water drained after the use of the knife-roller (an implement used to incorporate rice residues after harvest), the partial global warming potential (pGWP) and straw decomposition as a result of postharvest field management of irrigated rice. The experiments were conducted during the 2018 and 2019 offseason and the treatments consisted of several water drainage periods (0, 3, 6, 9 and 12 days) after a field pass with a knife-roller. In addition, a nonflooded harvest treatment without straw management was included. Analysis of drainage water three days after a pass with the kniferoller showed a reduction in total soluble solids by 94% compared to zero days. Nitrogen and soluble phosphorus were not influenced by the treatments. However, potassium levels increased as the drainage period increased, which is related to the period between harvest and drainage. As the electrical conductivity is influenced by the concentration of ions, it showed the same response curve as the potassium levels and, for pH, there were small oscillations influenced by the temperature. The total CH4 emission and the pGWP were higher when the water depth remained for a longer period. However, the N2O emissions were higher in the absence of soil submersion. Water should be drained three days after a pass with the knife-roller in order to reduce potassium loss and suspended solids as well as pGWP. The use of the knife-roller accelerated the process of straw decomposition in relation to the unmanaged straw treatment.<br/><br/>Key words: global warming, knife-roller, methane, nitrous oxide, Oryza sativa.
650 ## - ASSUNTO - THESAGRO
Cabeçalho tópico ou nome geográfico ARROZ IRRIGADO
650 ## - ASSUNTO - THESAGRO
Cabeçalho tópico ou nome geográfico ANÁLISE DO SOLO
650 ## - ASSUNTO - THESAGRO
Cabeçalho tópico ou nome geográfico MANEJO DO SOLO
650 ## - ASSUNTO - THESAGRO
Cabeçalho tópico ou nome geográfico ÁGUA
650 ## - ASSUNTO - THESAGRO
Cabeçalho tópico ou nome geográfico DRENAGEM
650 ## - ASSUNTO - THESAGRO
Cabeçalho tópico ou nome geográfico QUALIDADE
650 ## - ASSUNTO - THESAGRO
Cabeçalho tópico ou nome geográfico CONDIÇÃO AMBIENTAL
773 0# - ENTRADA ANALÍTICA
Host Biblionumber 1365
Registro do item 344637
Imprenta Campinas-SP Instituto Agronômico - Coordenadoria da Pesquisa Agropecuária 1941
Outro identificador 2024-4959
Título Bragantia (Brazil)
ISSN 0006-8705
Colação v. 49 p. 305-318 ; (2020)
Número de controle de registro BR2025000660
856 ## - ACESSO E ENDEREÇO ELETRÔNICO
Identificador uniforme de recurso - URI https://www.scielo.br/j/brag/a/jqDvYQfRM7mTwVghXpPj5xc/?format=pdf&lang=en

Nenhum exemplar disponível.

BINAGRI

Telefone: (61)3218-2567/2388/3357/2097 - binagri@agro.gov.br

Ministério da Agricultura e Pecuária , Esplanada dos Ministérios, Bloco D, Anexo B, Brasília/DF, CEP: 70.043-900